Normal view
MARC view
- Safdar Ali Shah, Syed Javaid A. Kazi
Entry Personal Name
001 - CONTROL NUMBER
- control field: 134426
003 - CONTROL NUMBER IDENTIFIER
- control field: NUST
005 - DATE AND TIME OF LATEST TRANSACTION
- control field: 20260512161601.0
008 - FIXED-LENGTH DATA ELEMENTS
- fixed length control field: 260512|| aca||aabn | a|a d
040 ## - CATALOGING SOURCE
- Original cataloging agency: NUST
- Transcribing agency: NUST
100 ## - HEADING--PERSONAL NAME
- Personal name: Safdar Ali Shah, Syed Javaid A. Kazi
670 ## - SOURCE DATA FOUND
- Source citation: Work cat.: (NUST): Safdar Ali Shah, Syed Javaid A. Kazi., Churches of Pakistan
